Hipoterapie : léčba pomocí koně /

Hlavní autor: Hollý, Karol
Korporativní autor: Equichannel.cz (sdružení)
Další autoři: Hornáček, Karol
Jazyk: Čeština
Vydáno: Ostrava : Montanex, 2005
Edice: Kůň v životě člověka
Témata:
Fyzický popis: 293 s. : il. ; 22 cm
Knihy
Uloženo v:
LEADER 01680nam a2200445 a 4500
001 nkc20051581935
003 CZ PrNK
005 20060131152545.0
007 ta
008 050914s2005 xr a e f 000 0 cze
015 |a cnb001581935 
020 |a 80-7225-190-2  |q (Montanex ;  |q váz.) 
035 |a (OCoLC)85162476 
040 |a BOA001  |b cze  |d ABA001 
041 1 |a cze  |h slo 
072 7 |a 615.8  |x Fyzioterapie. Psychoterapie. Alternativní lékařství  |2 Konspekt  |9 14 
080 |a 615.851:636.1  |2 MRF 
080 |a (035)  |2 MRF 
100 1 |a Hollý, Karol  |7 mzk2003187775  |4 aut 
245 1 0 |a Hipoterapie :  |b léčba pomocí koně /  |c [Karol Hollý, Karol Hornáček ; překlad Dominika Švehlová] 
246 3 0 |a Léčba pomocí koně 
260 |a Ostrava :  |b Montanex,  |c 2005 
300 |a 293 s. :  |b il. ;  |c 22 cm 
490 1 |a Kůň v životě člověka 
500 |a Přeloženo ze slovenštiny 
500 |a Vydáno ve spolupráci se sdružením Equichannel.CZ 
504 |a Obsahuje bibliografii a bibliografické odkazy 
650 0 7 |a hipoterapie  |7 ph120702  |2 czenas 
650 0 9 |a hippotherapy  |2 eczenas 
655 7 |a příručky  |7 fd133209  |2 czenas 
655 9 |a handbooks and manuals  |2 eczenas 
700 1 |a Hornáček, Karol  |7 mzk2005300971  |4 aut 
710 2 |a Equichannel.cz (sdružení)  |7 kn20040107004 
830 0 |a Kůň v životě člověka  |0 s 
910 2 |a BOA001  |b 2-1158.095 
990 |a BK 
995 |a 01 
991 |b 200510  |c NOV 
996 6 |b 2610260191  |c 2-1158.095  |l MZK  |r Sklad / do 1 hodiny  |n 16  |p p.v.  |w 000789360  |u 000010  |a 1  |e BOA001  |j MZK50  |s P 
996 7 |b 2610263450  |c 2-1158.095  |l Vol.výběr  |r VV 0p  |n 72  |p kup  |h 615.851 HOL  |w 000789360  |u 000020  |a 0  |e BOA001  |j MZK50  |s A